000 00491 a2200181 4500
999 _c4808
_d4808
020 _a0140055932 (pbk.)
050 1 0 _aPR9369.3. GOR 1980
100 1 _aGordimer, Nadine.
_eauthor
245 1 0 _aBurger's daughter /
_cNadine Gordimer.
264 _aLondon
_bPenguin Books
_c1980
300 _a361 p. ;
500 _aNovel
650 0 _aFathers and daughters
_xFiction.
650 0 _aSouth Africans
_xFiction.
651 0 _aSouth Africa
651 0 _aEurope
942 _2lcc
_cBK
_h9369.3
_iGOR
_kPR